[Event "31. DSenEM2019 Gruppe 65+"]
[Site "Radebeul"]
[Date "2019.04.29"]
[Round "4.53"]
[White "Steingrobe, Udo"]
[Black "Krotofil, Kurt"]
[Result "1-0"]
[BlackElo "1840"]
[BlackTeam "Niendorfer TSV"]
[EventDate "2019.??.??"]
[PlyCount "73"]
[WhiteElo "2056"]
[WhiteTeam "Schachfüchse Kempen"]

1. d4 Nf6 2. c4 e6 3. Nc3 d5 4. Bg5 Be7 5. e3 O-O 6. Qc2 Nbd7 7. cxd5 exd5 8.
Bd3 h6 9. Bh4 c6 10. Nf3 Re8 11. O-O Nh5 12. Bxe7 Qxe7 13. Rab1 Nhf6 14. b4 a6
15. a4 Ne4 16. Bxe4 dxe4 17. Nd2 Nf6 18. Ne2 Nd5 19. b5 axb5 20. axb5 Bg4 21.
Ng3 cxb5 22. Rxb5 Rec8 23. Qb2 Nc3 24. Rxb7 Qe8 25. h3 Ra2 26. Qb4 Rxd2 27.
hxg4 Qe6 28. Qe7 Qxg4 29. Qxf7+ Kh8 30. Qd7 Qxd7 31. Rxd7 Re8 32. Nf5 Rf8 33.
Ng3 g6 34. Re7 Rb8 35. Nxe4 Nxe4 36. Rxe4 Rbb2 37. Rf4  1-0

[Event "31. DSenEM2019 Gruppe 65+"]
[Site "Radebeul"]
[Date "2019.04.29"]
[Round "4.54"]
[White "Petzold, Hans"]
[Black "Mertens, Gottfried"]
[Result "1-0"]
[BlackElo "1782"]
[BlackTeam "SK Weinheim"]
[EventDate "2019.??.??"]
[PlyCount "67"]
[WhiteElo "2017"]
[WhiteTeam "USV TU Dresden"]

1. e4 e6 2. d3 d5 3. Nd2 c5 4. g3 Nc6 5. Bg2 Nf6 6. Ngf3 Bd6 7. c3 O-O 8. Qe2
Qc7 9. O-O d4 10. cxd4 cxd4 11. Nc4 e5 12. Bg5 Be7 13. Rac1 Qb8 14. Bd2 Be6 15.
Ng5 Bxc4 16. Rxc4 h6 17. Nh3 Nd7 18. f4 Bf6 19. Qg4 Nb6 20. Rcc1 Qc8 21. Qh5
Qd8 22. f5 Nd7 23. g4 Be7 24. g5 hxg5 25. Bxg5 Bxg5 26. Nxg5 Nf6 27. Qh4 Nb4
28. Rf3 Re8 29. Rh3 Kf8 30. Qh8+ Ke7 31. Qxg7 Rf8 32. Rh6 Qd6 33. Rxf6 Qxf6 34.
Rc7+  1-0

[Event "31. DSenEM2019 Gruppe 65+"]
[Site "Radebeul"]
[Date "2019.04.29"]
[Round "4.55"]
[White "Zschunke, Werner"]
[Black "Gafke, Manfred"]
[Result "1-0"]
[BlackElo "1765"]
[BlackTeam "SV Lok Dresden"]
[EventDate "2019.??.??"]
[PlyCount "75"]
[WhiteElo "2002"]
[WhiteTeam "SK Schweinfurt"]

1. c4 e6 2. g3 d5 3. Bg2 Nf6 4. Nf3 c6 5. O-O Bd6 6. d3 h6 7. b3 O-O 8. Bb2 Nbd7
9. Nbd2 Qc7 10. Rc1 Re8 11. e4 dxe4 12. dxe4 Ne5 13. Qe2 b6 14. Nd4 Bb7 15. f4
Bc5 16. fxe5 Bxd4+ 17. Bxd4 Nd7 18. Qh5 Rf8 19. Rf4 Rae8 20. Rcf1 c5 21. Bc3
Re7 22. Bh3 Qd8 23. Rg4 Kh7 24. Rgf4 g6 25. Qe2 Qc7 26. R1f2 Nxe5 27. Nf3 Nxf3+
28. R4xf3 f5 29. Re3 f4 30. gxf4 Rxf4 31. Rxf4 Qxf4 32. Bg2 Rd7 33. Qf3 Rd1+
34. Kf2 Qh4+ 35. Ke2 Rd7 36. Rd3 Re7 37. Bf6 Bxe4 38. Bxh4  1-0

[Event "31. DSenEM2019 Gruppe 65+"]
[Site "Radebeul"]
[Date "2019.04.29"]
[Round "4.57"]
[White "Zimmermann, Manfred"]
[Black "Andrasch, Peter"]
[Result "1-0"]
[BlackElo "1740"]
[BlackTeam "SF Nordost Berlin"]
[EventDate "2019.??.??"]
[PlyCount "109"]
[WhiteElo "1968"]
[WhiteTeam "Kieler SG"]

1. d4 d5 2. Nf3 Nc6 3. e3 Bf5 4. a3 Nf6 5. b3 h6 6. Bb2 e6 7. Nbd2 Be7 8. c4 a6
9. Be2 Rc8 10. O-O Nh7 11. Rc1 Bf6 12. b4 O-O 13. Nb3 Ne7 14. Nc5 Rb8 15. Nd3
Be4 16. Nde5 c6 17. Ng4 Ng6 18. Nd2 Bf5 19. f4 Bxg4 20. Bxg4 Bh4 21. g3 f5 22.
Bh5 Qf6 23. Nf3 Bxg3 24. hxg3 Nh8 25. Ne5 g6 26. Bf3 Rbd8 27. Kf2 Nf7 28. Nxf7
Rxf7 29. Rh1 g5 30. Qg1 g4 31. Be2 Rg7 32. a4 Rb8 33. b5 Qe7 34. Qe1 Rg6 35.
Qc3 Nf6 36. Bd3 h5 37. Ba3 Qc7 38. Qb4 axb5 39. cxb5 Rh6 40. a5 h4 41. Kg2 Nh5
42. Rxh4 Nxf4+ 43. exf4 Rxh4 44. b6 Rh2+ 45. Kxh2 Qh7+ 46. Kg2 Qh3+ 47. Kf2
Qh2+ 48. Ke3 Qxg3+ 49. Kd2 Qxf4+ 50. Kc3 Qh6 51. Qd6 Rf8 52. Bxf5 Qe3+ 53. Bd3
g3 54. Qe7 g2 55. Qh7#  1-0

[Event "31. DSenEM2019 Gruppe 65+"]
[Site "Radebeul"]
[Date "2019.04.29"]
[Round "4.58"]
[White "Ehlert, Joachim"]
[Black "Lichtblau, Ernst"]
[Result "1-0"]
[BlackElo "1729"]
[BlackTeam "Brühler SK"]
[EventDate "2019.??.??"]
[PlyCount "87"]
[WhiteElo "1918"]
[WhiteTeam "SV Lok Dresden"]

1. e4 c6 2. d4 d5 3. e5 e6 4. Nf3 c5 5. c3 Nc6 6. Bd3 c4 7. Bc2 b5 8. O-O Nge7
9. b4 Bd7 10. a4 a6 11. Ng5 h6 12. Nh3 g6 13. Be3 Nf5 14. Bd2 Bg7 15. Qc1 Rc8
16. Nf4 Ncxd4 17. cxd4 Nxd4 18. Bc3 Nxc2 19. Qxc2 Qg5 20. Nh3 Qh5 21. axb5 axb5
22. f4 O-O 23. Qf2 f6 24. Ra7 Rcd8 25. Qf3 Qxf3 26. Rxf3 fxe5 27. Bxe5 Bxe5 28.
fxe5 Rxf3 29. gxf3 d4 30. Nf2 Bc6 31. Nd2 Ra8 32. Rxa8+ Bxa8 33. Kf1 g5 34. Ke1
Kg7 35. Nde4 Kg6 36. Nd6 Bc6 37. Nfe4 h5 38. Nc5 Bxf3 39. Nxe6 g4 40. Nxd4 h4
41. Nxf3 gxf3 42. Nxb5 Kf5 43. Kf2 Kxe5 44. Kxf3  1-0

[Event "31. DSenEM2019 Gruppe 65+"]
[Site "Radebeul"]
[Date "2019.04.29"]
[Round "4.59"]
[White "Jürgens, Peter"]
[Black "Gabriel, Rolf"]
[Result "1/2-1/2"]
[BlackElo "1726"]
[BlackTeam "SV Ottendorf-Okrilla"]
[EventDate "2019.??.??"]
[PlyCount "25"]
[WhiteElo "1899"]
[WhiteTeam "SC Tempo Göttingen"]

1. d4 Nf6 2. Nf3 e6 3. Bf4 d5 4. e3 Nbd7 5. Bd3 h6 6. O-O Nh5 7. Bg3 Nxg3 8.
hxg3 c5 9. c3 Bd6 10. Nbd2 O-O 11. e4 cxd4 12. cxd4 dxe4 13. Nxe4  1/2-1/2

[Event "31. DSenEM2019 Gruppe 65+"]
[Site "Radebeul"]
[Date "2019.04.29"]
[Round "4.61"]
[White "Fleischer, Martin"]
[Black "Peter, Volkhard"]
[Result "1-0"]
[BlackElo "1723"]
[BlackTeam "SV Einheit Schwerin"]
[EventDate "2019.??.??"]
[PlyCount "122"]
[WhiteElo "1881"]
[WhiteTeam "SV Einheit Schwerin"]

1. e4 e5 2. Nf3 Nf6 3. Nc3 Bb4 4. Nd5 Nxd5 5. exd5 d6 6. c3 Ba5 7. Qa4+ c6 8. d3
O-O 9. dxc6 Nxc6 10. Be2 Bd7 11. Qb3 Bb6 12. Be3 Be6 13. Qc2 Rc8 14. Bxb6 Qxb6
15. Qd2 d5 16. O-O Rcd8 17. d4 f6 18. b3 e4 19. Ne1 Ne7 20. Nc2 f5 21. f4 Qc7
22. Ne3 Rf6 23. g3 Rh6 24. Rf2 Rd6 25. Rc1 Bf7 26. c4 Rc6 27. Rff1 Qd6 28. cxd5
Rxc1 29. Rxc1 Kf8 30. Qa5 a6 31. Qc5 Rg6 32. Qxd6 Rxd6 33. Rc7 b5 34. a4 Bxd5
35. axb5 axb5 36. Bxb5 Bxb3 37. Rxe7 Kxe7 38. Nxf5+ Ke6 39. Nxd6 Kxd6 40. Kf2
Be6 41. Ke3 Kd5 42. Ba4 Bf5 43. Bb3+ Kd6 44. Bc4 h5 45. Ba6 Kc7 46. h4 Kb6 47.
Bc4 Kc6 48. Bf7 Kd6 49. Bb3 g6 50. Bf7 Ke7 51. Bd5 Kf6 52. Bxe4 Bd7 53. d5 Be8
54. Kd4 Bd7 55. Kc5 Be8 56. Kd6 Bf7 57. Bd3 Be8 58. Ba6 Kf5 59. Ke7 Ba4 60.
Bd3+ Kg4 61. Bxg6 Kxg3  1-0

[Event "31. DSenEM2019 Gruppe 65+"]
[Site "Radebeul"]
[Date "2019.04.29"]
[Round "4.62"]
[White "Dötzel, Hartwig"]
[Black "Ritter, Fred"]
[Result "1-0"]
[BlackElo "1706"]
[BlackTeam "BSV Chemie Radebeul"]
[EventDate "2019.??.??"]
[PlyCount "91"]
[WhiteElo "1877"]
[WhiteTeam "USV TU Dresden"]

1. e4 e5 2. Nf3 Nc6 3. Bb5 d6 4. d4 exd4 5. Nxd4 Bd7 6. Nxc6 bxc6 7. Bc4 Be7 8.
O-O Nf6 9. Nc3 O-O 10. Bb3 a5 11. Re1 Ng4 12. h3 Ne5 13. Be3 Kh8 14. Bd4 Rb8
15. a4 Ng6 16. Be3 Rb4 17. f3 Bh4 18. Rf1 Bg3 19. Ne2 Bh4 20. c3 Rb7 21. Rb1
Qe7 22. Bc2 Ne5 23. b3 c5 24. f4 Nc6 25. Qd5 Nd8 26. Qh5 f5 27. Bf2 Bxf2+ 28.
Rxf2 fxe4 29. Ng3 g6 30. Qe2 d5 31. Qe3 Rb6 32. Rbf1 Bf5 33. Ne2 h5 34. Rd1 c6
35. Ng3 Ne6 36. Ne2 Rb7 37. Kh2 Qc7 38. Kh1 Rd8 39. g4 hxg4 40. hxg4 Bxg4 41.
Rh2+ Bh5 42. f5 Kg7 43. Rxh5 gxh5 44. fxe6 Kh7 45. Qg5 Kh8 46. Rg1  1-0

[Event "31. DSenEM2019 Gruppe 65+"]
[Site "Radebeul"]
[Date "2019.04.29"]
[Round "4.63"]
[White "Nowack, Achim"]
[Black "Leisen, Peter"]
[Result "1/2-1/2"]
[BlackElo "1872"]
[BlackTeam "SV Bönen"]
[EventDate "2019.??.??"]
[PlyCount "64"]
[WhiteElo "1696"]
[WhiteTeam "SK Kaltenkirchen"]

1. e4 c5 2. d3 Nc6 3. f4 d6 4. c3 g6 5. Be2 Bg7 6. Nf3 e6 7. O-O Nge7 8. Na3 O-O
9. Be3 b6 10. Qd2 Ba6 11. Ng5 h6 12. Nh3 Kh7 13. Rad1 Qc7 14. Bf3 Rad8 15. Qf2
d5 16. Qh4 dxe4 17. Bxe4 Nf5 18. Bxf5 exf5 19. Nc4 Rxd3 20. Rxd3 Bxc4 21. Rfd1
Bxd3 22. Rxd3 Rd8 23. Rxd8 Qxd8 24. Qe1 Qd3 25. Qc1 Ne7 26. Nf2 Qe2 27. g3 Nc6
28. Qd2 Qxd2 29. Bxd2 c4 30. Nd1 Bf8 31. Kf2 Bc5+ 32. Be3 Bxe3+  1/2-1/2

[Event "31. DSenEM2019 Gruppe 65+"]
[Site "Radebeul"]
[Date "2019.04.29"]
[Round "4.64"]
[White "Baensch, Frank"]
[Black "Baumast, Bernd"]
[Result "1/2-1/2"]
[Annotator "lenovo"]
[BlackElo "1534"]
[BlackTeam "SV Bad Oldesloe"]
[EventDate "2019.??.??"]
[PlyCount "82"]
[WhiteElo "1713"]
[WhiteTeam "Schach macht fit"]

1. Nf3 e6 2. c4 Nf6 3. Nc3 d5 4. e3 c6 5. a3 g6 6. d4 Bg7 7. b4 O-O 8. Bb2 Nbd7
9. h3 a5 10. Bd3 axb4 11. axb4 Rxa1 12. Qxa1 dxc4 13. Bxc4 Nb6 14. Bb3 Bd7 15.
O-O Qa8 16. Ba3 Rd8 17. Rd1 Nbd5 18. Na4 Bf8 19. Nc5 Be8 20. Rc1 Qa7 21. Qb2
Ra8 22. Bxd5 Nxd5 23. e4 Nf4 24. Rc3 b6 25. Nd3 Nxd3 26. Rxd3 c5 27. Qc3 cxb4
28. Bxb4 Bxb4 29. Qxb4 Qa1+ 30. Kh2 b5 31. Qe7 Qa7 32. Qg5 Qc7+ 33. e5 b4 34.
Qh6 f6 35. Qd2 Rb8 36. Qa2 Kf7 37. g3 Bb5 38. Re3 Bc4 39. Qb1 Bd5 40. Ne1 b3
41. Nd3 Qc2 { ( = )}   1/2-1/2

[Event "31. DSenEM2019 Gruppe 65+"]
[Site "Radebeul"]
[Date "2019.04.29"]
[Round "4.65"]
[White "Leiber, Bernard"]
[Black "Bondick, Karl-Heinz"]
[Result "1-0"]
[BlackElo "1948"]
[BlackTeam "USC Magdeburg"]
[EventDate "2019.??.??"]
[PlyCount "65"]
[WhiteElo "2110"]
[WhiteTeam "SV Osnabrück"]

1. d4 d5 2. Nf3 Nf6 3. c4 dxc4 4. e3 Be6 5. Na3 c5 6. Nxc4 cxd4 7. exd4 g6 8.
Be2 Bg7 9. O-O O-O 10. Bf4 Nc6 11. Nce5 Qb6 12. Nxc6 bxc6 13. Qc2 Rfd8 14. Rfd1
Rac8 15. Be5 Bd5 16. b3 Ne4 17. Bc4 f6 18. Qxe4 fxe5 19. dxe5 e6 20. Qe2 Rf8
21. Rac1 Rce8 22. Nd4 Rf4 23. Bxd5 cxd5 24. Rc6 Qb8 25. Rxe6 Rxe6 26. Nxe6 Re4
27. Qxe4 dxe4 28. Rd8+ Qxd8 29. Nxd8 Bxe5 30. Nc6 Bc3 31. Nxa7 Kf7 32. Nb5 Bd2
33. Nd6+  1-0

[Event "31. DSenEM2019 Gruppe 65+"]
[Site "Radebeul"]
[Date "2019.04.29"]
[Round "4.66"]
[White "Görden, Hans-Jürgen"]
[Black "Wawrinsky, Ludwig"]
[Result "1-0"]
[BlackElo "1676"]
[BlackTeam "SK Neuperlach"]
[EventDate "2019.??.??"]
[PlyCount "61"]
[WhiteElo "1863"]
[WhiteTeam "SV Lok Dresden"]

1. e4 e6 2. d4 b6 3. Nc3 Bb4 4. Bd3 Bxc3+ 5. bxc3 Bb7 6. Nf3 h6 7. O-O d6 8. Re1
Nd7 9. Bf4 Ngf6 10. e5 Nd5 11. Bd2 dxe5 12. Nxe5 Nxe5 13. Rxe5 Nf6 14. Qe2 Qd7
15. f4 O-O 16. f5 exf5 17. Bxf5 Qc6 18. Re1 Rfe8 19. Qf2 Ne4 20. Bxe4 Rxe5 21.
Bxc6 Rxe1+ 22. Qxe1 Bxc6 23. Qg3 Kf8 24. Qxc7 Be4 25. Qd6+ Kg8 26. Qg3 Kf8 27.
Qe5 Re8 28. Qd6+ Kg8 29. Qd7 Ra8 30. Qg4 Kf8 31. Qxe4  1-0

[Event "31. DSenEM2019 Gruppe 65+"]
[Site "Radebeul"]
[Date "2019.04.29"]
[Round "4.67"]
[White "Keeve, Martin"]
[Black "Meißner, Werner"]
[Result "0-1"]
[BlackElo "1665"]
[BlackTeam "SV TuR Dresden"]
[EventDate "2019.??.??"]
[PlyCount "62"]
[WhiteElo "1860"]
[WhiteTeam "USV TU Dresden"]

1. d4 d5 2. c4 c6 3. Nc3 Nf6 4. Nf3 e6 5. Bg5 Be7 6. e3 Nbd7 7. Rc1 Ne4 8. Nxe4
dxe4 9. Bxe7 Qxe7 10. Nd2 Nf6 11. Qc2 e5 12. dxe5 Qxe5 13. Be2 O-O 14. O-O Re8
15. h3 b6 16. c5 b5 17. a3 Nd5 18. Nb3 Qg5 19. Kh2 Re6 20. Nd4 Qe5+ 21. Kg1 Rg6
22. g4 h5 23. Rfd1 hxg4 24. hxg4 Rh6 25. f4 exf3 26. Bxf3 Nxe3 27. Qf2 Nxg4 28.
Nxc6 Rxc6 29. Rd8+ Kh7 30. Bxg4 Qg5 31. Rc3 Qxd8  0-1

[Event "31. DSenEM2019 Gruppe 65+"]
[Site "Radebeul"]
[Date "2019.04.29"]
[Round "4.68"]
[White "Klimpel, Siegfried"]
[Black "Mortensen, Manfred"]
[Result "1/2-1/2"]
[Annotator "lenovo"]
[BlackElo "1657"]
[BlackTeam "BSV Chemie Radebeul"]
[EventDate "2019.??.??"]
[PlyCount "122"]
[WhiteElo "1856"]
[WhiteTeam "TSV Kareth-Lappersdorf"]

1. e4 e5 2. Nf3 Nc6 3. Bc4 Bc5 4. c3 Nf6 5. d4 exd4 6. cxd4 Bb4+ 7. Nc3 Nxe4 8.
O-O Nxc3 9. bxc3 Bxc3 10. Qb3 d5 11. Bxd5 O-O 12. Bg5 Nxd4 13. Nxd4 Qxg5 14.
Rad1 Bxd4 15. Rxd4 c5 16. Rd3 Rb8 17. Rfd1 Bf5 18. Rg3 Qe7 19. Qc3 g6 20. Re1
Qd6 21. Rd1 Qc7 22. h4 h5 23. Qf6 Kh7 24. Re1 Qd8 25. Qxd8 Rbxd8 26. Bxb7 Be6
27. Rc1 c4 28. Rgc3 Rd6 29. Bf3 Rd2 30. Ra3 Rd4 31. Rxa7 Rxh4 32. a4 Rb8 33. a5
Kg8 34. Rc7 Rd4 35. a6 Bd5 36. a7 Ra8 37. Bxd5 Rxd5 38. R1xc4 Rdd8 39. Rb7 Kg7
40. Rcc7 Rf8 41. Kh2 g5 42. Kg3 Kg6 43. f4 h4+ 44. Kg4 f5+ 45. Kh3 g4+ 46. Kxh4
Rh8+ 47. Kg3 Rhf8 48. Rg7+ Kf6 49. Rgc7 Kg6 50. Rc5 Rf6 51. Rcb5 Ra6 52. R5b6+
Rxb6 53. Rxb6+ Kf7 54. Rb7+ Kg6 55. Kf2 Kf6 56. Kg3 Ke6 57. Kf2 Kd5 58. Ke3 Kc6
59. Rf7 Kd6 60. Kd4 Ke6 61. Rh7 Kd6  1/2-1/2

[Event "31. DSenEM2019 Gruppe 65+"]
[Site "Radebeul"]
[Date "2019.04.29"]
[Round "4.69"]
[White "Schmidt, Hans-Gerd"]
[Black "Schleicher, Winfried"]
[Result "1-0"]
[Annotator "lenovo"]
[BlackElo "1352"]
[BlackTeam "Lüneschach"]
[EventDate "2019.??.??"]
[PlyCount "94"]
[WhiteElo "1850"]
[WhiteTeam "TuS Coswig"]

{ [%evp 0,61,19,28,47,23,71,67,83,67,59,59,51,52,67,58,64,67,68,36,36,48,54,52,
66,61,44,35,25,23,44,27,8,32,31,3,27,26,4,10,491,512,568,574,574,575,575,575,
793,794,793,583,607,593,607,602,613,659,668,751,769,625,982,980] } 1. e4 e5 2.
Nf3 d6 3. Bc4 g6 4. d4 Bg7 5. dxe5 Be6 6. Bxe6 fxe6 7. exd6 cxd6 8. O-O Ne7 9.
c3 O-O 10. Qb3 Qd7 11. Be3 Kh8 12. Nd4 d5 13. Rd1 e5 14. Nf3 Nbc6 15. exd5 Na5
16. Qb4 Rxf3 17. gxf3 e4 18. Qxe4 Rf8 19. Qe6 Rd8 20. Qxd7 Rxd7 21. Na3 Nxd5
22. Bd4 Kg8 23. Bxg7 Kxg7 24. c4 Nf6 25. b4 Nc6 26. Nc2 Ne5 27. Rxd7+ Nfxd7 28.
Rd1 Nxf3+ 29. Kf1 Nde5 30. Ne3 Nxh2+ 31. Kg2 Nhf3 32. c5 Nh4+ 33. Kg3 Nhf3 34.
Ng4 h5 35. Nxe5 Nxe5 36. f4 Nc6 37. Rd7+ Kh6 38. Rxb7 Nd4 39. Rxa7 Nf5+ 40. Kh2
h4 41. Rf7 Ne3 42. c6 Ng4+ 43. Kh3 Nf2+ 44. Kxh4 Ne4 45. c7 Nd6 46. Rf8 Nf5+
47. Rxf5 gxf5  1-0

[Event "31. DSenEM2019 Gruppe 65+"]
[Site "Radebeul"]
[Date "2019.04.29"]
[Round "4.70"]
[White "Weber, Martin"]
[Black "Ollek, Karl-Heinz"]
[Result "0-1"]
[BlackElo "1626"]
[BlackTeam "SC Friesen Lichtenberg"]
[EventDate "2019.??.??"]
[PlyCount "132"]
[WhiteElo "1848"]
[WhiteTeam "SV Betzdorf-Kirchen"]

1. d4 Nf6 2. Bf4 g6 3. Nf3 Bg7 4. e3 O-O 5. c4 d5 6. Nc3 c6 7. Bd3 Nbd7 8. O-O
dxc4 9. Bxc4 Nb6 10. Bb3 Nbd5 11. Bg3 a5 12. a3 Bg4 13. h3 Be6 14. Qc2 Rc8 15.
Ng5 Bd7 16. Qd2 h6 17. Nge4 Nxc3 18. bxc3 Nd5 19. c4 Nf6 20. Nc5 b6 21. Nxd7
Qxd7 22. f3 Nh5 23. Bf2 c5 24. Rad1 a4 25. Ba2 Qc7 26. f4 f5 27. g3 Nf6 28. Qc2
Ne4 29. Be1 Kh7 30. Qxa4 Ra8 31. Qb3 cxd4 32. exd4 Rfd8 33. d5 Qc5+ 34. Bf2
Nxf2 35. Rxf2 Rxa3 36. Qc2 Rxg3+ 37. Kh2 Qe3 38. Qe2 Rxh3+ 39. Kg1 Rg3+ 40. Kh2
Rh3+ 41. Kg1 Bf6 42. Qxe3 Rxe3 43. Kg2 h5 44. Rb2 Bxb2 45. Rd2 Ba3 46. Kf2 Bc5
47. Kg2 Ra8 48. Kf1 Raa3 49. Rc2 Rf3+ 50. Ke1 Rxf4 51. d6 exd6 52. Re2 Re3 53.
Rxe3 Bxe3 54. c5 dxc5 55. Ke2 Bd4 56. Kd3 h4 57. Kc4 h3 58. Kb5 h2 59. Bd5 Rf1
60. Kxb6 h1=Q 61. Kc6 Qh2 62. Kd7 Re1 63. Bg8+ Kxg8 64. Kc6 Qe5 65. Kb5 c4+ 66.
Kb4 Qc5+  0-1

[Event "31. DSenEM2019 Gruppe 65+"]
[Site "Radebeul"]
[Date "2019.04.29"]
[Round "4.71"]
[White "Scharff, Jürgen"]
[Black "Wolke, Reimund"]
[Result "0-1"]
[BlackElo "1916"]
[BlackTeam "Hamburger SK"]
[EventDate "2019.??.??"]
[PlyCount "30"]
[WhiteElo "1693"]
[WhiteTeam "SV Opladen"]

1. d4 Nf6 2. c4 g6 3. Nc3 d5 4. Bg5 Ne4 5. Nxe4 dxe4 6. e3 Bg7 7. f3 c5 8. Ne2
cxd4 9. Nxd4 Qa5+ 10. Qd2 Qxg5 11. fxe4 Nc6 12. Nxc6 bxc6 13. h4 Qg3+ 14. Kd1
Bg4+ 15. Kc2 O-O  0-1

[Event "31. DSenEM2019 Gruppe 65+"]
[Site "Radebeul"]
[Date "2019.04.29"]
[Round "4.72"]
[White "Schmitt, Karl"]
[Black "Hoose, Hannelore"]
[Result "1-0"]
[BlackElo "1674"]
[BlackTeam "SC Vahr"]
[EventDate "2019.??.??"]
[PlyCount "112"]
[WhiteElo "1884"]
[WhiteTeam "Bergische SF"]

1. d4 e6 2. Nf3 b6 3. e3 Bb7 4. Bd3 Nf6 5. O-O Be7 6. c4 d5 7. b3 O-O 8. Bb2
Nbd7 9. Nc3 c5 10. Qe2 Rc8 11. Rac1 dxc4 12. bxc4 cxd4 13. exd4 Bd6 14. Rfd1
Re8 15. Ne5 Bb8 16. f4 Nf8 17. Kh1 Ng6 18. Qe3 Ne7 19. Qh3 Ng6 20. Ne2 Nd7 21.
Kg1 Ndxe5 22. fxe5 Qh4 23. Qxh4 Nxh4 24. Nf4 Ng6 25. g3 Bc7 26. Kf2 Bd8 27. Ke3
Bg5 28. Ba3 Be7 29. Bxe7 Nxe7 30. Be4 Bxe4 31. Kxe4 Red8 32. d5 exd5+ 33. cxd5
Rxc1 34. Rxc1 Kf8 35. Rc7 g5 36. d6 Nc8 37. Nd5 h5 38. Ne7 Nxd6+ 39. exd6 Rxd6
40. Nf5 Re6+ 41. Kd5 Re8 42. Nd6 Re7 43. Rxe7 Kxe7 44. Nc8+ Kd7 45. Nxa7 f6 46.
Nb5 Ke8 47. Nd4 Ke7 48. Nf5+ Kf7 49. h3 Kg6 50. g4 hxg4 51. hxg4 Kf7 52. Kc6
Ke6 53. Kxb6 Kd7 54. a4 Ke6 55. Nh6 f5 56. gxf5+ Ke5  1-0

[Event "31. DSenEM2019 Gruppe 65+"]
[Site "Radebeul"]
[Date "2019.04.29"]
[Round "4.73"]
[White "Portsch, Claudius"]
[Black "Pundt, Wilfried"]
[Result "1/2-1/2"]
[Annotator "lenovo"]
[BlackElo "1861"]
[BlackTeam "SK Bremen-Nord"]
[EventDate "2019.??.??"]
[PlyCount "92"]
[WhiteElo "1659"]
[WhiteTeam "BSV Chemie Radebeul"]

1. e4 e5 2. Nf3 Nc6 3. Bb5 a6 4. Ba4 Nf6 5. O-O Nxe4 6. Re1 Nc5 7. Bxc6 dxc6 8.
Nxe5 Be7 9. Qe2 Nd7 10. d4 Nxe5 11. Qxe5 Be6 12. Be3 O-O 13. Nd2 Bd6 14. Qe4
Re8 15. Nf3 f5 16. Qd3 Bd5 17. Bg5 Qc8 18. Rxe8+ Qxe8 19. Re1 Qg6 20. Bh4 Qh5
21. Be7 Bxf3 22. Bxd6 Be4 23. Qb3+ Bd5 24. c4 cxd6 25. cxd5 Qf7 26. Re6 Rd8 27.
Qb6 Re8 28. Kf1 Rxe6 29. dxe6 Qxe6 30. Qxb7 Qc4+ 31. Ke1 Qc1+ 32. Ke2 Qc2+ 33.
Ke1 Qe4+ 34. Kf1 Qxd4 35. Qc8+ Kf7 36. Qxf5+ Ke7 37. Qg5+ Kd7 38. Qf5+ Kc7 39.
Qf7+ Kb6 40. Qb3+ Kc7 41. g3 d5 42. Ke2 Qe4+ 43. Kd2 Qd4+ 44. Ke2 Qe4+ 45. Kd2
c5 46. Qc3 Qe7 { ( = )}   1/2-1/2

[Event "31. DSenEM2019 Gruppe 65+"]
[Site "Radebeul"]
[Date "2019.04.29"]
[Round "4.74"]
[White "Rudolph, Karl-Heinz"]
[Black "Josting, Friedel"]
[Result "0-1"]
[Annotator "lenovo"]
[BlackElo "1855"]
[BlackTeam "SG Bünde"]
[EventDate "2019.??.??"]
[PlyCount "80"]
[WhiteElo "1642"]
[WhiteTeam "SV Irxleben"]

1. e4 c5 2. Nf3 e6 3. d4 cxd4 4. Nxd4 a6 5. Be3 Nf6 6. Nc3 Nc6 7. Bd3 Be7 8. a3
b5 9. f4 Nxd4 10. Bxd4 Bb7 11. O-O d5 12. Bxf6 Bxf6 13. e5 Be7 14. Qg4 g6 15.
Rad1 Qb6+ 16. Kh1 O-O-O 17. Qe2 h5 18. h3 Kb8 19. Qf2 Bc5 20. Qh4 Qc7 21. b4
Be7 22. Qe1 Rc8 23. Ne2 Qb6 24. c3 Rc7 25. Ra1 Bc6 26. Nd4 Bd7 27. Rf3 Rhc8 28.
Bc2 Rc4 29. Bb3 R4c7 30. a4 Bxb4 31. Nxb5 axb5 32. cxb4 bxa4 33. Bd1 Qd4 34.
Kh2 Qxa1 35. Qe3 d4 36. Qd3 Qc3 37. Qb1 Qc1 38. Qd3 Qc4 39. Qa3 Qb5 40. Qb2 Rc4
 0-1

[Event "31. DSenEM2019 Gruppe 65+"]
[Site "Radebeul"]
[Date "2019.04.29"]
[Round "4.75"]
[White "Siewert, Wolfgang"]
[Black "Huber, Helmut"]
[Result "1/2-1/2"]
[BlackElo "1652"]
[BlackTeam "Brackweder SK"]
[EventDate "2019.??.??"]
[PlyCount "29"]
[WhiteElo "1807"]
[WhiteTeam "SV Eiche Reichenbrand"]

1. Nf3 Nf6 2. c4 e6 3. g3 d5 4. Bg2 c6 5. O-O Nbd7 6. b3 Be7 7. Bb2 O-O 8. d3
Qc7 9. Nbd2 b6 10. Rc1 Bb7 11. Rc2 Rfe8 12. Qa1 Bd6 13. e4 dxe4 14. Nxe4 Be7
15. Nxf6+  1/2-1/2

[Event "31. DSenEM2019 Gruppe 65+"]
[Site "Radebeul"]
[Date "2019.04.29"]
[Round "4.76"]
[White "Richter, Stefan"]
[Black "Prause, Dieter"]
[Result "0-1"]
[Annotator "lenovo"]
[BlackElo "1760"]
[BlackTeam "SK Delbrück"]
[EventDate "2019.??.??"]
[PlyCount "102"]
[WhiteElo "1631"]
[WhiteTeam "SZ Langenberg"]

1. e4 d5 2. exd5 Qxd5 3. Nc3 Qa5 4. d3 Nf6 5. Bd2 c6 6. Be2 Bf5 7. Nf3 e6 8. a3
Qc7 9. h3 h6 10. Qc1 Bd6 11. g4 Bh7 12. g5 hxg5 13. Bxg5 Nbd7 14. Qd2 Qb6 15.
b3 Qa5 16. Nb1 Qxd2+ 17. Bxd2 Bf5 18. h4 Ne5 19. Be3 Nd5 20. Nxe5 Bxe5 21. d4
Bf6 22. Kd2 Rxh4 23. Rxh4 Bxh4 24. Nc3 Nxc3 25. Kxc3 O-O-O 26. Rh1 Bf6 27. Bh5
Rh8 28. Bf3 Rxh1 29. Bxh1 c5 30. Bf3 cxd4+ 31. Bxd4 Bxd4+ 32. Kxd4 Bxc2 33. b4
Kc7 34. Ke5 Bf5 35. Bh5 f6+ 36. Kd4 g6 37. Be2 Kd6 38. f4 e5+ 39. fxe5+ fxe5+
40. Ke3 g5 41. Bf3 b6 42. a4 Bd7 43. b5 Bf5 44. Bd1 Kc5 45. Bb3 Kb4 46. Bd1 g4
47. Kf2 Kc3 48. Kg3 Kd3 49. Bb3 Ke3 50. Bd1 Be6 51. Kg2 Kd2  0-1

[Event "31. DSenEM2019 Gruppe 65+"]
[Site "Radebeul"]
[Date "2019.04.29"]
[Round "4.77"]
[White "Möws, Harald"]
[Black "Briesemeister, Klaus"]
[Result "1-0"]
[BlackElo "1621"]
[BlackTeam "SV Lingen"]
[EventDate "2019.??.??"]
[PlyCount "73"]
[WhiteElo "1737"]
[WhiteTeam "SV Einheit Schwerin"]

1. e4 e6 2. d4 c5 3. c3 cxd4 4. cxd4 Bb4+ 5. Nc3 Nf6 6. e5 Nd5 7. Bd2 O-O 8.
Nxd5 Bxd2+ 9. Qxd2 exd5 10. f4 d6 11. Nf3 Bg4 12. Be2 f6 13. O-O Nc6 14. h3
Bxf3 15. Bxf3 dxe5 16. dxe5 fxe5 17. fxe5 Qb6+ 18. Kh1 Nxe5 19. Qxd5+ Nf7 20.
Qxb7 Qxb7 21. Bxb7 Rab8 22. Bd5 Rxb2 23. Rf3 Rd2 24. Bb3 Rd7 25. Raf1 g6 26. g4
Kg7 27. h4 h6 28. Kh2 Re7 29. Kg3 Rc7 30. g5 h5 31. Rf6 Rc3+ 32. Kg2 Rc7 33.
R1f2 Rd7 34. Bc2 Rc7 35. Rxg6+ Kh8 36. Rgf6 Rxc2 37. Rxc2  1-0

[Event "31. DSenEM2019 Gruppe 65+"]
[Site "Radebeul"]
[Date "2019.04.29"]
[Round "4.78"]
[White "Hülle, Gunter"]
[Black "Bouma, Jan"]
[Result "1/2-1/2"]
[Annotator "lenovo"]
[BlackElo "1546"]
[BlackTeam "SF Korbach"]
[EventDate "2019.??.??"]
[PlyCount "67"]
[WhiteElo "1736"]
[WhiteTeam "SV Springer Leipzig"]

1. b4 d5 2. Bb2 Nf6 3. b5 e6 4. e3 Be7 5. Nf3 O-O 6. Be2 c6 7. a4 Nbd7 8. O-O
Qc7 9. d4 Ne4 10. Nfd2 Ndf6 11. f3 Nxd2 12. Nxd2 c5 13. dxc5 Bxc5 14. Bd4 Nd7
15. Bxc5 Qxc5 16. Kf2 Nf6 17. c4 d4 18. Nb3 dxe3+ 19. Kg1 Qc7 20. Qd4 e5 21.
Qxe3 Be6 22. Nc5 Rfe8 23. Nxe6 Rxe6 24. c5 Nd5 25. Qf2 Nf4 26. Kh1 Nxe2 27.
Qxe2 Qxc5 28. Rfc1 Qe7 29. Rc4 Rd8 30. Rac1 Red6 31. h3 g6 32. Rc7 R6d7 33.
R7c5 Qg5 34. Qxe5 { ( = )}   1/2-1/2